Managing Scotland's environment (Record no. 112170)

MARC details
000 -LEADER
fixed length control field 01333cam a2200241 4500
001 - CONTROL NUMBER
control field L152697
008 - FIXED-LENGTH DATA ELEMENTS--GENERAL INFORMATION
fixed length control field 110414n2009 000 0 eng u
020 ## - INTERNATIONAL STANDARD BOOK NUMBER
International Standard Book Number 9780748630639
035 ## - SYSTEM CONTROL NUMBER
System control number (Sirsi) u152697
041 ## - LANGUAGE CODE
Language code of text/sound track or separate title eng
050 ## - LIBRARY OF CONGRESS CALL NUMBER
Classification number 614.7
-- 18
100 ## - MAIN ENTRY--PERSONAL NAME
Personal name Warren, Charles
245 ## - TITLE STATEMENT
Title Managing Scotland's environment
Medium [electronic resource]
250 ## - EDITION STATEMENT
Edition statement 2nd ed.
260 ## - PUBLICATION, DISTRIBUTION, ETC.
Place of publication, distribution, etc. Edinburgh
Name of publisher, distributor, etc. Edinburgh University Press
Date of publication, distribution, etc. 2009
300 ## - PHYSICAL DESCRIPTION
Extent eBook
520 ## - SUMMARY, ETC.
Summary, etc. This eBook considers land reform, the future of farming, public access, conservation of moorland and birds of prey, the place of forestry, and the control of alien species and red deer - and takes up the challenge of integrating conservation with social and economic objectives. The second edition includes a new chapter on energy and the environment, taking in the highest profile environmental issue in Scotland at present: the windfarm controversy, and debates about the appropriate energy mix for the future. In addition, the book has been updated throughout to take account of recent changes in environmental and related social and political issues.
650 24 - SUBJECT ADDED ENTRY--TOPICAL TERM
Topical term or geographic name entry element EBOOK
651 #4 - SUBJECT ADDED ENTRY--GEOGRAPHIC NAME
Geographic name Scotland
Chronological subdivision 1999-
690 ## - LOCAL SUBJECT ADDED ENTRY--TOPICAL TERM (OCLC, RLIN)
Topical term or geographic name as entry element Environment
9 (RLIN) 6238
856 40 - ELECTRONIC LOCATION AND ACCESS
Uniform Resource Identifier <a href="https://www.vlebooks.com/">https://www.vlebooks.com/</a>
Public note View on VLEbooks. Logins for members only from [email protected]
942 ## - ADDED ENTRY ELEMENTS (KOHA)
Suppress in OPAC 0
Holdings
Withdrawn status Lost status Source of classification or shelving scheme Damaged status Not for loan Home library Current library Shelving location Date acquired Total Checkouts Full call number Barcode Date last seen Copy number Price effective from Koha item type
    Dewey Decimal Classification     Virtual Virtual Online 13/04/2011   EBOOK 152697-2001 06/08/2019 1 06/08/2019 Book